00300nam a2200121Ia 4500008004100000041000800041082001700049100001000066245003300076260003300109300001900142999001700161241028s9999 xx 000 0 und d aeng a155.9042 ELK aElkin aStress Management For Dummie bWiley IndiaaNew Delhic2013 a362;. P. 23 cm c43085d43085